000 00902naa a2200241 4500
005 20090526152752.0
008 080822t xxu||||| |||| 00| 0 eng d
010 _aENG-93735
020 _a9788131305393
_c1795.00
035 _aEN-77268
037 _bDBAD / PUB
040 _adpl
_bEnglish
082 _a634.99
100 _aJha, L.K.
245 _aAdvances in agroforestry /
_cby L.K. Jha
260 _aNew Delhi
_bAPH Publishing Corporatioon
_c2009
270 _a4435-36/7, Ansari Road, Darya Ganj
_bNew Delhi
_e110 002
_maphbooks@vsnl.net
_k011 23274050
300 _axxi, 669p.:
_b23cm(Hb)
_cill.
500 _aIncludes index
650 _aAgroforestry
942 _adpl
_cEN
_2ddc
_mJHA
_h634.99
999 _c26827
_d26827